000 04324nam a22003377a 4500
003 UA-OsUOA
001 59380
007 ta
008 20090323b un ||||| |||| 00| 0 ukr d
100 _aЛубська М.
090 _a297:34
_bЛ82
942 _cBK
040 _aUA-OsUOA
_bukr
_cUA-OsUOA
_dUA-OsUOA
245 _aМусульманське право: сутність, джерела, структура
_bМонографія
300 _a256 с.
955 _a1
041 _aukr
080 _a297:34
020 _a978-966-8226-78-6
520 3 _aУ монографії вперше в Україні здійснено цілісний аналіз мусульманського права як правового і філософсько-релігієзнавчого феномену. З цією метою розкрито особливості застосування священних і віроповчальних текстів ісламу як головних джерел мусульманськ
520 3 _aого права, співвідношення та взаємозв’язок таких феноменів, як шаріат, фікх і мусульманське право, з’ясовано методи вирішення правових питань у релігійно-правових школах (мазхабах) сунітського та шиїтського спрямування. Значну увагу приділено дослідже
520 3 _aнню сутності мусульманського права в умовах сучасного цивілізаційного процесу.Прислужиться філософам-релігієзнавцям, правникам, історикам, усім, хто цікавиться минулим і сьогоденням мусульманського світу.ЗмістМусульманське право як визначальна
520 3 _aскладова інституалізації ісламуМетодологічні засади розгляду проблем мусульманського праваСпіввідношення та взаємозв’язок понять «шаріат», «фікх», «мусульманське право»Коран і суна як головні джерела мусульманського праваВзаємозв’язок філософ
520 3 _aсько-релігійної та релігійно-правової думок у ранньому ісламіІсламське теоретичне богослов’я і фікхФілософсько раціоналізовані й містичні погляди на шаріат та фікхУтворення ранніх релігійно-правових шкіл і методів вирішення духовно-правових пита
520 3 _aнь Релігійно-правові школи (мазхаби) сунітського та шиїтського спрямування Ханафітський і малікітський мазхаби Шафіїтський і ханбалітський мазхаби Шиїтські мазхаби «Муватта» Маліка Ібн Анаса — визначний документ мусульманських правової та р
520 3 _aелігійної думокТекст і редакції «Муватти» Амаль мединців як складова «Муватти»Коран як джерело моральних і релігійно-правових суджень у «Муватті» Засоби інтерпретації Корану і суни у «Муватті» Мусульманське право у контексті сучасного цивілі
520 3 _aзаційного процесуДжерела реформ сучасного мусульманського праваЗастосування ісламських принципів і норм у сучасному мусульманському праві Література
260 _aК.
_bАКАДЕМВИДАВ
_c2009
650 7 _a29 Нехристиянські релігії
_2UDC
999 _c345463
_d345463